000 02107nam a22002657a 4500
003 OSt
005 20251114145953.0
008 251114b |||||||| |||| 00| 0 eng d
020 _a9789584899828
037 _aDonación
040 _aCO-JMCR
_bspa
_cCO-JMCR
_dCO-JMCR
_erda
041 0 _aspa
082 0 4 _a336.861
_bM82g
100 _aMorales Dominguez, David Fernando,
_9275
245 0 _aLa gestion del presupuesto publico colombiano /
_cDavid Fernando Morales Dominguez
250 _aCuarta edición /
260 _c2023
300 _b590 páginas :
_c23 cm.
505 _aEl presupuesto de rentas y recursos de capital -- El presupuesto de gastos o ley de apropiaciones -- La programación, trámite y aprobación del presupuesto general de la nación -- Las modificaciones al presupuesto -- La gestión del presupuesto de ingresos -- La gestión del presupuesto de gastos -- El programa anual mensualizado de caja - PAC -- La contabilidad de la gestión presupuestal -- El cálculo de los ingresos y gastos públicos
520 3 _aEl Dr. David Fernando Morales Domínguez es administrador público especializado en administración pública - ESAP, en planeación y presupuestación y en gestión y control del gasto del instituto de estudios fiscales y la UNED de España y es master internacional en hacienda pública y administración financiera del instituto de estudios fiscales y la UNED de España. Por su trayectoria laboral es experto en finanzas públicas, gestión financiera pública, presupuesto público y régimen presupuestal de las empresas estatales. Es autor de los libros "La gestión del presupuesto público colombiano" (Cuatro ediciones - 2009, 2012, 2014, 2023), "La gestión del presupuesto de las empresas estatales" (2015), "Guía del presupuesto general de la nación2 (2018), "La implementación del nuevo clasificador presupuestal en Colombia "(2019) y "La contabilidad del presupuesto público colombiano" (2020).
650 7 _aPresupuesto
_933803
_xEconomía
650 7 _aMarco fiscal
_xEconomía
_944432
650 7 _aContabilidad
_97829
942 _2ddc
_cBK
999 _c14521
_d14521